000 00575nam a22001697a 4500
003 0
005 20160609165233.0
008 091215t xxu||||| |||| 00| 0 eng d
037 _aM15379
_bBIBLIO EPAC
040 _aUAC/EPAC
_bF
_cEPAC
100 _aYvan N. ADINGNI
_92444
245 _aIdentification et analyse du comportement de discrimination des différents parasitoides de sesama calamistis (hampson) en milieu controlé
260 _a EPAC/UAC
_bBIBLIO EPAC
_c2007-2008
300 _aI-52p
_c29cm
650 _aAMENAGEMENT PROTECTION ENVIRONNEMENT
_92445
942 _cTHE
999 _c46622
_d46622